LIBRARY & INFORMATION CENTRE, KCAET, TAVANUR

ONLINE PUBLIC ACCESS CATALOGUE (OPAC)

Introduction to modern physics / (Record no. 7465)

MARC details
000 -LEADER
fixed length control field 00528cam a2200205ua 4500
041 ## - LANGUAGE CODE
Language code of text/sound track or separate title eng
082 ## - DEWEY DECIMAL CLASSIFICATION NUMBER
Classification number 539
Item number RIC/IN
100 ## - MAIN ENTRY--AUTHOR NAME
Personal name Richtmyer, F K .
245 ## - TITLE STATEMENT
Title Introduction to modern physics /
250 ## - EDITION STATEMENT
Edition statement 6 /
260 ## - PUBLICATION, DISTRIBUTION, ETC. (IMPRINT)
Place of publication New Delhi :
Name of publisher Tata Mc-Graw Hill Publishing Company ,
Year of publication 1990.
300 ## - PHYSICAL DESCRIPTION
Number of Pages 767 ; .
700 1# - ADDED ENTRY--PERSONAL NAME
Personal name Cooper , John N .
700 1# - ADDED ENTRY--PERSONAL NAME
Personal name Kennard, E H .
942 ## - ADDED ENTRY ELEMENTS (KOHA)
Koha item type Books
Holdings
Withdrawn status Lost status Damaged status Home library Current library Date acquired Full call number Accession Number Koha item type
      KAUAET KAUAET 07/04/2012 539 RIC/IN 17758 Books
free website counter